Last mysteries of the world / (Record no. 7255)
[ view plain ]
| 000 -LEADER | |
|---|---|
| fixed length control field | 00464nam a2200169Ia 4500 |
| 003 - CONTROL NUMBER IDENTIFIER | |
| control field | GBCCL |
| 005 - DATE AND TIME OF LATEST TRANSACTION | |
| control field | 20241126110623.0 |
| 008 - FIXED-LENGTH DATA ELEMENTS--GENERAL INFORMATION | |
| fixed length control field | 180719b ||||| |||| 00| 0 eng d |
| 020 ## - INTERNATIONAL STANDARD BOOK NUMBER | |
| International Standard Book Number | 1876689420 |
| 020 ## - INTERNATIONAL STANDARD BOOK NUMBER | |
| International Standard Book Number | 9781876689421 |
| 040 ## - CATALOGING SOURCE | |
| Transcribing agency | GBC |
| 082 ## - DEWEY DECIMAL CLASSIFICATION NUMBER | |
| Classification number | 001.94 |
| Item number | REA |
| 245 ## - TITLE STATEMENT | |
| Title | Last mysteries of the world / |
| Statement of responsibility, etc. | Reader's digest associatiion. |
| 260 ## - PUBLICATION, DISTRIBUTION, ETC. | |
| Date of publication, distribution, etc. | Hong kong : |
| Place of publication, distribution, etc. | Reader's digest, |
| Name of publisher, distributor, etc. | 2006. |
| 300 ## - PHYSICAL DESCRIPTION | |
| Extent | 336 pages ; |
| Dimensions | 20 cm |
| 942 ## - ADDED ENTRY ELEMENTS (KOHA) | |
| Edition | REPRINTED |
| Source of classification or shelving scheme | Dewey Decimal Classification |
| Koha item type | Reference Books |
| Withdrawn status | Lost status | Source of classification or shelving scheme | Damaged status | Not for loan | Home library | Current Library | Shelving location | Date acquired | Total checkouts | Full call number | Barcode | Date last seen | Copy number | Price effective from | Koha item type |
|---|---|---|---|---|---|---|---|---|---|---|---|---|---|---|---|
| Dewey Decimal Classification | GRACE BIBLE COLLEGE | GRACE BIBLE COLLEGE | Encyclopedia | 2018-07-19 | 001.94 REA | 002134 | 2025-05-01 | c.1 | 2018-07-19 | Reference Books |